Chemical calculations / (Record no. 10722)
[ view plain ]
| 000 -LEADER | |
|---|---|
| fixed length control field | 00449cam a2200193ua 4500 |
| 041 ## - LANGUAGE CODE | |
| Language code of text/sound track or separate title | eng |
| 082 ## - DEWEY DECIMAL CLASSIFICATION NUMBER | |
| Classification number | 542 |
| Item number | TUL.CH |
| 100 ## - MAIN ENTRY--AUTHOR NAME | |
| Personal name | Tuly, G D . |
| 245 ## - TITLE STATEMENT | |
| Title | Chemical calculations / |
| 250 ## - EDITION STATEMENT | |
| Edition statement | 12 / |
| 260 ## - PUBLICATION, DISTRIBUTION, ETC. (IMPRINT) | |
| Place of publication | New Delhi : |
| Name of publisher | S.Chand and Co , |
| Year of publication | 1965. |
| 300 ## - PHYSICAL DESCRIPTION | |
| Number of Pages | 168 ; . |
| 700 1# - ADDED ENTRY--PERSONAL NAME | |
| Personal name | Soni, P L . |
| 942 ## - ADDED ENTRY ELEMENTS (KOHA) | |
| Koha item type | Books |
| Withdrawn status | Lost status | Damaged status | Home library | Current library | Date acquired | Cost, normal purchase price | Full call number | Accession Number | Koha item type |
|---|---|---|---|---|---|---|---|---|---|
| Withdrawn | KAUAET | KAUAET | 07/04/2012 | 2.00 | 542 | 7533 | Books |
